| 000 | 00504nam a2200217Ia 4500 | ||
|---|---|---|---|
| 008 | 210210b1964 xxu||||| |||| 00| 0 eng d | ||
| 041 | _aeng | ||
| 082 | _a333/60 | ||
| 100 | _aINDIA (Government of) | ||
| 245 | _aMemorandum on the fourth five year plan | ||
| 260 |
_aDelhi _bPlanning Commission _c1964 |
||
| 650 | _ayear | ||
| 650 | _athe | ||
| 650 | _aplan | ||
| 650 | _aon | ||
| 650 | _aMemorandum | ||
| 650 | _afourth | ||
| 650 | _afive | ||
| 690 | _aEconomic Planning | ||
| 906 | _a004232 | ||
| 999 |
_c123682 _d123682 |
||